Flagi Miast Polski - Statystyki

Ogólne statystyki
  • Ten quiz został rozwiązany 31 razy
  • Średni wynik to 30 z 200
Statystyki odpowiedzi
Obrazkowy Odpowiedź % Poprawnych
Lębork
74%
Łódź
74%
Gdańsk
70%
Katowice
70%
Szczecin
70%
Gliwice
61%
Kielce
61%
Toruń
61%
Gdynia
57%
Warszawa
57%
Rzeszów
52%
Białystok
48%
Bydgoszcz
43%
Kraków
39%
Tarnobrzeg
39%
Poznań
35%
Przemyśl
35%
Elbląg
30%
Radom
30%
Tarnów
30%
Zielona Góra
30%
Bielsko-Biała
26%
Częstochowa
26%
Jelenia Góra
26%
Olsztyn
26%
Wrocław
26%
Zakopane
26%
Bartoszyce
22%
Bytom
22%
Chorzów
22%
Jastrzębie-Zdrój
22%
Kołobrzeg
22%
Rybnik
22%
Sopot
22%
Bełchatów
17%
Biała Podlaska
17%
Chełm
17%
Giżycko
17%
Głogów
17%
Gniezno
17%
Gorzów Wielkopolski
17%
Kalisz
17%
Lubin
17%
Nowy Sącz
17%
Słupsk
17%
Sosnowiec
17%
Stalowa Wola
17%
Tychy
17%
Wodzisław Śląski
17%
Zabrze
17%
Zambrów
17%
Zamość
17%
Andrychów
13%
Brzeg
13%
Chrzanów
13%
Ciechanów
13%
Dąbrowa Górnicza
13%
Ełk
13%
Grodzisk Mazowiecki
13%
Grudziądz
13%
Jasło
13%
Kędzierzyn-Koźle
13%
Koszalin
13%
Krosno
13%
Legnica
13%
Łomża
13%
Lubań
13%
Lublin
13%
Mielec
13%
Nowa Sól
13%
Nysa
13%
Oława
13%
Oleśnica
13%
Opole
13%
Piła
13%
Piotrków Trybunalski
13%
Pruszków
13%
Racibórz
13%
Radomsko
13%
Rawicz
13%
Rumia
13%
Sandomierz
13%
Sanok
13%
Siedlce
13%
Sieradz
13%
Starogard Gdański
13%
Suwałki
13%
Świnoujście
13%
Szczecinek
13%
Wałbrzych
13%
Wejherowo
13%
Wieliczka
13%
Aleksandrów Łódzki
9%
Będzin
9%
Białogard
9%
Bielawa
9%
Biłgoraj
9%
Bolesławiec
9%
Brodnica
9%
Cieszyn
9%
Czechowice-Dziedzice
9%
Czeladź
9%
Dębica
9%
Działdowo
9%
Goleniów
9%
Gorlice
9%
Gryfino
9%
Iława
9%
Inowrocław
9%
Jarocin
9%
Jarosław
9%
Jawor
9%
Jaworzno
9%
Józefów
9%
Kętrzyn
9%
Kłodzko
9%
Koło
9%
Konin
9%
Kraśnik
9%
Legionowo
9%
Leszno
9%
Łowicz
9%
Lubartów
9%
Lubliniec
9%
Luboń
9%
Łuków
9%
Malbork
9%
Mińsk Mazowiecki
9%
Mława
9%
Mrągowo
9%
Mysłowice
9%
Myszków
9%
Nowa Ruda
9%
Nowy Dwór Mazowiecki
9%
Olkusz
9%
Opoczno
9%
Ostrołęka
9%
Ostrów Mazowiecka
9%
Ostrów Wielkopolski
9%
Otwock
9%
Pabianice
9%
Piaseczno
9%
Piastów
9%
Płock
9%
Płońsk
9%
Police
9%
Polkowice
9%
Prudnik
9%
Pszczyna
9%
Reda
9%
Ruda Śląska
9%
Skawina
9%
Skierniewice
9%
Sochaczew
9%
Śrem
9%
Środa Wielkopolska
9%
Stargard
9%
Sulejówek
9%
Świebodzin
9%
Świecie
9%
Świętochłowice
9%
Szczytno
9%
Tarnowskie Góry
9%
Tczew
9%
Tomaszów Mazowiecki
9%
Turek
9%
Wągrowiec
9%
Wałcz
9%
Wieluń
9%
Włocławek
9%
Września
9%
Wyszków
9%
Zgierz
9%
Zgorzelec
9%
Żory
9%
Żyrardów
9%
Bochnia
4%
Chojnice
4%
Dzierżoniów
4%
Kluczbork
4%
Knurów
4%
Kościan
4%
Kościerzyna
4%
Krotoszyn
4%
Kutno
4%
Kwidzyn
4%
Łaziska Górne
4%
Ostróda
4%
Oświęcim
4%
Piekary Śląskie
4%
Puławy
4%
Rydułtowy
4%
Starachowice
4%
Swarzędz
4%
Świdnik
4%
Świebodzice
4%
Żagań
4%
Żary
4%
Zduńska Wola
4%
Siemianowice Śląskie
0%
Nie znaleziono quizów pasujących do podanych kryteriów
Rozkład punktacji
Procent ludzi z każdym wynikiem
Percentyl według liczby udzielonych odpowiedzi
Twoja historia wyników
Nie rozwiązałeś tego quizu